00946nam a2200229 a 450000100100000000500170001000800410002704000250006808200170009310000210011024001000013124500990023126000430033030000200037349000330039350000730042653401200049965000180061965000200063770000260065783000330068300002136020200930011316.0100906s1977 cu r 000 e spa d aDO-SdBNPbspacBNPHU a891.7bF898e1 aFridlender, G.M.10aK. kritike metodologuicheskij kontseptsii sovremenovo buryuaznovo literaturovedenia.lEspañol10aExamen crítico de estudios literarios burgueses /cG.M. Fridlender ; prólogo, Elena Jorge. aLa Habana :bArte y Literatura,c1977. a103p. ;c18 cm.1 aCuadernos de Arte y Sociedad aIncluye referencias bibliográficas y notas al pie de las páginas aTítulo del original en ruso:tK. kritike metodologuicheskij kontseptsii sovremenovo buryuaznovo literaturovedenia 4aEnsayos rusos 4aLiteratura rusa1 aJorge, Elenaepról. 0aCuadernos de Arte y Sociedad